000 00653nam a2200205 a 4500
999 _c3089
_d3089
001 3089
003 BD-JhCC
005 20201124134018.0
008 171109s1978 bg ||||| |||| 000 0 ben d
035 _a(BD-JhCC)
040 _aBD-JhCC
_dBD-JhCC
041 _aben
082 _a891.442
_bCHE 1978
100 _aচেখভ, আস্তন
245 _aআইভানভ /
_cআস্তন চেখভ; মোবারক হোসেন খান (অনুবাদ)
260 _aঢাকা:
_bমুক্তধারা ;
_c১৯৭৮
300 _a১৪৫ পৃ.;
_c২২ সেমি
650 _aBengali Drama
942 _2ddc
_cBK
_02